MARC

LEADER 00000nam0a2200000 4500
001 359878
005 20250211063211.0
035 |a (RuTPU)RU\TPU\retro\17184 
035 |a RU\TPU\retro\17183 
090 |a 359878 
100 |a 20210203d1951 k y0rusy5003 ca 
101 0 |a rus 
102 |a RU 
105 |a y z 001zy 
200 1 |a Электрические машины и аппараты  |e [тематический сборник]  |f Московский энергетический институт ; под ред. А. Н. Ларионова 
210 |a Москва  |c Госэнергоиздат  |d 1951  |a Ленинград 
215 |a 171 с.  |c табл., ил. 
225 1 |a Труды Московского энергетического института (МЭИ)  |v Вып. 7 
500 1 0 |a Труды Московского энергетического института  |9 88841 
606 1 |a Электрические машины  |2 stltpush  |3 (RuTPU)RU\TPU\subj\27074  |9 50877 
606 1 |a Электрические машины  |2 stltpush  |3 (RuTPU)RU\TPU\subj\27074  |9 50877 
610 1 |a коллекторные двигатели 
610 1 |a исследования 
610 1 |a асинхронные двигатели 
610 1 |a графоаналитические методы 
610 1 |a машины постоянного тока 
610 1 |a статоры 
610 1 |a тяговые силы 
610 1 |a электромагнитные системы 
610 1 |a конденсаторы 
610 1 |a расчеты 
610 1 |a нагревание 
610 1 |a кабельная проводка 
675 |a 621.313  |v 3 
702 1 |a Ларионов  |b А. Н.  |4 340 
712 0 2 |a Московский энергетический институт  |c (1930-1992)  |3 (RuTPU)RU\TPU\col\20092  |9 27693 
801 0 |a RU  |b 63413507  |c 19950704  |g psbo 
801 1 |a RU  |b 63413507  |c 20060118  |g PSBO 
801 2 |a RU  |b 63413507  |c 20220203  |g PSBO 
942 |c BK